Normal view
MARC view
- Uslu, A. Didem
Entry Personal Name
001 - CONTROL NUMBER
- control field: 153716
003 - CONTROL NUMBER IDENTIFIER
- control field: TR-AnTOB
005 - DATE AND TIME OF LATEST TRANSACTION
- control field: 20260416120206.0
008 - FIXED-LENGTH DATA ELEMENTS
- fixed length control field: 260416n|eazannaab| |n aaa d
040 ## - CATALOGING SOURCE
- Original cataloging agency: TR-AnTOB
- Transcribing agency: TR-AnTOB
100 1# - HEADING--PERSONAL NAME
- Personal name: Uslu, A. Didem



